| 000 | 00465nam a22001817a 4500 | ||
|---|---|---|---|
| 003 | CEME | ||
| 005 | 20210628203640.0 | ||
| 008 | 210317b xxu||||| |||| 00| 0 eng d | ||
| 020 | _a0-471-62589-2 | ||
| 040 | _c. | ||
| 082 | _a004.35 LOR'A | ||
| 100 |
_aLorin, Harlod _966702 |
||
| 245 | _aAspects of distributed computer systems | ||
| 260 |
_aNEWYORK _bJOHN WILEY _c1988 |
||
| 300 | _a339P | ||
| 650 |
_aDISTRIBUTED COMPUTER SYSTEMS _966703 |
||
| 942 |
_cBK _2ddc |
||
| 999 |
_c574625 _d574625 |
||